Odpowiedź zaczyna się na T - Statystyki

Ogólne statystyki
  • Ten quiz został rozwiązany 105 razy
  • Średni wynik to 8 z 15
Statystyki odpowiedzi
Opis Odpowiedź % Poprawnych
To pasmo górskie w południowej Polsce i północnej Słowacji, które stanowi część Karpat Zachodnich. Tatry są popularne wśród turystów i miłośników górskich wędrówek. Tatry
93%
To piękne i historyczne miasto w Polsce, znane z pierników, urodzenia Mikołaja Kopernika oraz zachowanego średniowiecznego zespołu urbanistycznego. Toruń
90%
Albańska zakonnica, misjonarka i laureatka Nagrody Nobla Pokojowej za jej pracę humanitarną i działalność charytatywną wśród ubogich i chorych w Kalkucie, Indie. Teresa
81%
Angielski pisarz, filolog i profesor uniwersytecki, twórca słynnych powieści fantastycznych "Władca Pierścieni" oraz "Hobbit". Tolkien
81%
To organ władzy sądowniczej w Polsce odpowiedzialny za kontrolowanie zgodności ustaw z Konstytucją oraz za wydawanie orzeczeń w sprawach konstytucyjnych. Trybunał Konstytucyjny
71%
Kolorowy ptak z obszarów tropikalnych Ameryki Środkowej i Południowej, charakteryzuje się dużym, kolorowym dziobem i jest symbolem egzotycznych obszarów. Tukan
71%
Jest to kraj w Azji Centralnej, często określany jako "dach świata" ze względu na duże partie górskie w regionie Pamir. Tadżykistan
65%
Amerykański raper, poeta, aktor i aktywista społeczny. W oficjalnych dokumentach został zapisany jako Lesane Parish Crooks. Zmarł w wieku 25 lat (morderstwo) Tupac
46%
Duży roślinożerny dinozaur z rodziny ceratopsów. Charakteryzował się dużymi rogami na głowie oraz osłoną szyi w postaci płyty kostnej. Triceratops
40%
To dwuosobowy pojazd lub układ dwóch elementów ustawionych jeden za drugim, zazwyczaj w kontekście roweru lub koni. Tandem
38%
Roślina zielona, znana również jako melisa cytrynowa. Posiada charakterystyczny cytrynowy zapach i jest wykorzystywana do herbat i aromaterapii. Trawa cytrynowa
35%
Faraon starożytnego Egiptu, którego grobowiec został odkryty w 1922 roku przez Howarda Cartera. Jego grobowiec był jednym z najważniejszych odkryć archeologicznych. Tutanchamon
31%
Jednostka indukcji magnetycznej w układzie SI Tesla
30%
Kraj wyspiarski na Pacyfiku, składający się z niewielkich atoli. Jest znany z pięknych plaż i egzotycznej atmosfery. Tuvalu
26%
To dziedzina matematyki i nauk społecznych, która analizuje sytuacje konfliktowe i współzawodnictwo między uczestnikami, badając strategie podejmowane w celu osiągnięcia optymalnych wyników. Teoria gier
3%
Nie znaleziono quizów pasujących do podanych kryteriów
Rozkład punktacji
Procent ludzi z każdym wynikiem
Percentyl według liczby udzielonych odpowiedzi
Twoja historia wyników
Nie rozwiązałeś tego quizu